00620 2200169 4500245003400000020002200034250001100056100001300067650002000080005001900100260003100119041001400150084001100164300002500175500024100200336000900441 aDear , ImamkucMellyanahText a978-602-5508-40-0 aCet. 1 aMellyana aNovel Indonesia a20231002085449 aDepokbCoconut Booksc2018 aIndonesia a808.83 a302 hlm. :c20.5 cm. aHarris seorang dokter tampan yang menikahi gadis sma benama alysa. Perjalanan rumah tangga keduanya tidaklah mudah banyak lika liku yang harus mereka lalui mulai perbedaan sikap munculnya orang ketiga dan misteri kematian sahabat alysa. atext